00517nam a2200181Ia 450000500170000000800410001704000190005804100120007708200190008924500800010826000280018830000170021650400190023365000230025265100310027570000190030685000100032520230428094045.0131103s9999 xx 000 0 und d aLoreto College aEnglish a823.8bDIC-GRO aDickens and the twentieth centurycedited by John Gross and Gabricl Pearson aLondonbRoutledgec1962 axxiv,244 p.  aIncludes index aDickens-ciriticism aEnglish literature-fiction aGross,John,ed. aLCLIB